[Event "ICS rated blitz match"]
[Site "207.99.83.227"]
[Date "1999.04.04"]
[Round "?"]
[White "Hossa"]
[Black "sergor"]
[Result "0-1"]
[WhiteElo "2402"]
[BlackElo "2354"]
[Annotator "Crafty v16.6"]
[PlyCount "93"]

{annotating for player Hossa using a scoring margin of +0.10 pawns. search
time limit is 20.00} 1. e4 1... c5 2. Bc4 e6 3. Nc3 Ne7 4. Nf3 a6 5. O-O d5 6.
exd5 exd5 7. Be2 Ng6 8. d4 c4 9. b3 cxb3 10. axb3 Bb4 11. Bb5+ ({8:+0.42} 11.
Bb5+ 11... Nc6 12. Bg5 Be7 13. Ne5 axb5 14. Rxa8 Bxg5 15. Nxg6 hxg6 16. Nxb5
$14) ({8:+0.66} 11. Na2 11... Be7 12. Bd3 O-O 13. Bxg6 fxg6 14. Ne5 Nc6 15. Re1
$14) 11... Nc6 12. Bxc6+ bxc6 13. Bg5 Qd6 14. Nb1 ({8:+0.23} 14. Nb1 14... Bf5
15. c3 Bxb1 16. Rxb1 Bxc3 17. Qd3 Bb4 18. Qf5 $10) ({8:+0.43} 14. Na4 14... O-O
15. Nb6 Ra7 16. Nxc8 Rxc8 17. Qd3 Nf4 18. Qf5 $14) 14... Qc7 15. Qe2+ Be6 16.
Rxa6 O-O 17. Rxa8 Rxa8 18. Bd2 ({9:+0.33} 18. Bd2 18... Bd6 19. c4 dxc4 20.
bxc4 Bg4 21. h3 Bf5 22. Re1 22... Ra2 $14) ({9:+0.49} 18. c3 18... Bd6 19. Nbd2
Bg4 20. h3 Bf5 21. Re1 Qd7 22. Qe3 $14) 18... Bd6 19. Nc3 ({8:+0.18} 19. Nc3
19... Bg4 20. h3 Bf5 21. Bg5 Nf4 22. Qd2 22... Ra3 $10) ({8:+0.36} 19. Re1
19... Ra2 20. Rc1 Nf4 21. Bxf4 Bxf4 22. Nc3 Rb2 23. Re1 $14) 19... h6 20. Re1
Bf5 21. Qd1 Nf4 22. Bxf4 Bxf4 23. h3 ({10:+0.43} 23. h3 23... Qa5 24. Ne2 Bd6
25. c4 Bb4 26. cxd5 cxd5 27. Rf1 Qd8 28. Ne5 $14) ({10:+0.62} 23. Ne2 23... Bd6
24. Ng3 Bxg3 25. hxg3 Qd7 26. c4 Qd6 27. Nh4 Be4 28. Qh5 $14) 23... Bd6 24. Qd2
({9:+0.27} 24. Qd2 24... Bf4 25. Qe2 Qa5 26. Na4 Qb4 27. Qd1 Qd6 28. Nc5 $10) (
{9:+0.52} 24. Na4 24... Be4 25. c3 Qd8 26. Nc5 Bxc5 27. dxc5 Qf6 28. Nd4 28...
Ra2 $14) 24... Bf4 25. Qe2 Bd6 26. Nh4 Bh7 27. Na4 Qd8 28. Nf3 Be4 29. Qd1 ({
9:+0.20} 29. Qd1 29... Qf6 30. Nd2 Bf5 31. c3 Bf4 32. Nc5 Qh4 33. Qe2 $10) ({
9:+0.43} 29. Ne5 29... Bxe5 30. dxe5 Qg5 31. f3 Bf5 32. g4 Qg6 33. Nb6 33...
Ra2 $14) 29... Qf6 30. Nd2 Bg6 31. Nb6 Ra2 32. Re8+ Kh7 33. c3 Qf4 34. Nf3 Be4
35. Rxe4 dxe4 36. Qb1 f5 37. g3 Qxf3 38. Qxa2 e3 39. Nc4 e2 40. Qd2 Bxg3 41.
Qe1 Bf4 42. Qxe2 Qxe2 43. h4 Qc2 44. Ne5 Bxe5 45. dxe5 Qxc3 46. e6 Qxb3 47. e7
0-1

[Event "ICS rated blitz match"]
[Site "207.99.83.227"]
[Date "1999.04.04"]
[Round "?"]
[White "MrJolly"]
[Black "Hossa"]
[Result "1-0"]
[WhiteElo "2536"]
[BlackElo "2384"]
[Annotator "Crafty v16.6"]
[PlyCount "116"]

{annotating for player Hossa using a scoring margin of +0.10 pawns. search
time limit is 20.00} 1. d4 1... Nf6 2. c4 g6 3. Nc3 Bg7 4. e4 d6 5. f3 O-O 6.
Be3 e5 7. Nge2 exd4 8. Nxd4 Nh5 9. Be2 Qh4+ 10. Bf2 Qg5 11. g3 Qd8 12. O-O Bh3
13. Re1 Qd7 14. Qb3 Nc6 15. Nxc6 bxc6 16. Rad1 Rab8 ({9:+0.46} 16... Rab8 17.
Qc2 a5 18. Bf1 Rb4 19. a3 Rb7 20. g4 Nf4 21. Bxh3 21... Nxh3+ $15) ({9:+0.64} 
16... Rfb8 17. Qc2 Rb7 18. f4 Rab8 19. Bxh5 Rxb2 20. Qd3 gxh5 21. Bxa7 $15) 17.
Qa3 Rb7 18. f4 Bxc3 ({8:+0.16} 18... Bxc3 19. Qxc3 Bg4 20. e5 Bxe2 21. Rxe2 Qg4
22. Red2 Nxf4 23. exd6 cxd6 24. Rxd6 $10) ({8:+0.34} 18... Rfb8 19. Bxh5 gxh5
20. Na4 Bxb2 21. Nxb2 Rxb2 22. e5 Bg4 23. Bxa7 $15) 19. Qxc3 Bg4 20. Bxg4 Qxg4
21. Kh1 Rfb8 22. b3 Qh3 23. Rd3 Ng7 ({8:-0.25} 23... Ng7 24. c5 Qd7 25. Kg1 Nh5
26. Qd4 Rd8 27. e5 $10) ({8:-0.14} 23... Rd8 24. c5 Qd7 25. Kg1 a6 26. Red1 Re8
27. Qd4 $10) 24. c5 Rb5 ({9:-0.92} 24... Rb5 25. cxd6 Rh5 26. Bg1 cxd6 27. Rxd6
c5 28. Rd5 Ne6 29. Qf6 $16) ({9:-0.31} 24... Qd7 25. cxd6 cxd6 26. Bc5 Ne8 27.
Qd4 Rd8 28. Red1 Qe7 29. Kg1 $14) 25. cxd6 Rh5 26. Bg1 cxd6 27. Rxd6 c5 28. Ra6
Ne6 ({9:-1.68} 28... Ne6 29. Rxa7 Rf8 30. f5 gxf5 31. exf5 Qxf5 32. Rd7 Re8 33.
Be3 $18) ({9:-1.22} 28... Ra8 29. Qf3 Ne6 30. e5 Nc7 31. Ra5 Rh4 32. Rxc5 32...
Rc8 $16) 29. Rxa7 Nd4 30. Qc4 Ne6 31. Re3 Rd8 32. Rd3 Rxd3 33. Qxd3 Qg4 34. a4
Rh3 35. f5 Ng5 36. e5 Qxf5 37. Qxf5 gxf5 38. Kg2 Rh6 39. Bxc5 Rc6 40. b4 Kg7
41. a5 Ne4 42. a6 Nxc5 43. bxc5 Re6 44. Ra8 Re7 45. a7 Kh6 46. c6 Kh5 47. Kf3
Rc7 48. Kf4 Re7 49. Kxf5 Kh6 50. Kf6 Re6+ 51. Kxf7 Rxc6 52. e6 Rc2 53. e7 Rc7
54. Kf8 Rd7 55. e8=Q Rd6 56. Qe5 Re6 57. Qxe6+ Kh5 58. Rb8 h6 1-0

[Event "ICS rated blitz match"]
[Site "207.99.83.227"]
[Date "1999.04.04"]
[Round "?"]
[White "toothfairy"]
[Black "Hossa"]
[Result "0-1"]
[WhiteElo "1999"]
[BlackElo "2375"]
[PlyCount "44"]

1. e4 e5 2. Nf3 Nc6 3. Bc4 Bc5 4. d3 Nf6 5. Bg5 d6 6. Nbd2 O-O 7. c3 Bg4 8. h3
Bh5 9. g4 Bg6 10. Nh4 Na5 11. Bb5 c6 12. Ba4 Qb6 13. b4 Bxf2+ 14. Ke2 Bxh4 15.
Bxh4 Nxe4 16. dxe4 Qa6+ 17. Ke3 Nc4+ 18. Nxc4 Qxc4 19. Qd2 Qxe4+ 20. Kf2 f5 21.
Kg3 fxg4 22. Rhf1 22... Rf3+ {toothfairy resigns} 0-1

[Event "ICS rated blitz match"]
[Site "207.99.83.227"]
[Date "1999.04.04"]
[Round "?"]
[White "Hossa"]
[Black "TDChess"]
[Result "0-1"]
[WhiteElo "2387"]
[BlackElo "2565"]
[Annotator "Fritz 5.32 (15s)"]
[PlyCount "118"]

1. e4 e6 2. Nf3 d5 3. exd5 exd5 4. Bb5+ (4. Be2 Nc6 5. O-O Bd6 6. Re1 Nge7 7.
d4 O-O 8. h3 Bf5 9. c3 Re8 10. Bd3 Rb8 11. Bxf5 Nxf5 12. Bg5 Rxe1+ 13. Qxe1 Qe8
14. Nbd2 f6 15. Qxe8+ Rxe8 16. Bh4 g5 17. Bg3 Nxg3 18. fxg3 18... Bxg3 {
Bench-GriffySr/ICS u 1995/0-1 (47)}) (4. Nc3 Nf6 5. d4 Bg4 6. Be2 Bb4 7. O-O
O-O 8. Bg5 Bxc3 9. bxc3 Nbd7 10. Re1 c6 11. Ne5 Bxe2 12. Rxe2 Qc7 13. f3 Nxe5
14. dxe5 Nd7 15. Qd4 Rfe8 16. Rae1 Nb6 17. Qc5 17... Nc4 {
0-1 Virkamaeki,L-Rozhic,I/EuYouth U12 Boys, Tallinn EST 1997 (17)}) 4... c6 5.
Be2 $146 (5. Qe2+ Qe7 6. Qxe7+ Bxe7 7. Be2 Nf6 8. O-O Bg4 9. Re1 Nbd7 10. Bd3
Bxf3 11. gxf3 Nc5 12. b3 Nxd3 13. cxd3 Kd7 14. Ba3 Rae8 15. Bxe7 Rxe7 16. Rxe7+
Kxe7 17. Nc3 Re8 18. Re1+ Kd7 19. Rxe8 19... Kxe8 {
Muench,S-Prause,R/1, DEM U13 Lingen 1995/0-1 (53)}) 5... Nf6 6. O-O Bd6 7. d3 {
Ueberdeckt e4} 7... O-O 8. Bg5 (8. Re1 8... Re8 $11) 8... h6 9. Be3 Ng4 10. Bd2
10... Qc7 {Wird h2 fallen?} 11. h3 Nh2 12. Re1 Re8 13. Nd4 Na6 14. Bc3 Bd7 15.
Qc1 $17 (15. Nb3 15... c5 $11) 15... c5 16. Nb3 16... Nb4 $11 (16... Re6 $5 $15
{ist bedenkenswert}) 17. Bxb4 (17. d4 17... b6 $11) 17... cxb4 18. Qd2 Rac8 19.
c3 Bf4 20. Qd1 Qe5 21. Nd4 {Der Springer ist wirkungsvoll plaziert} 21... bxc3
22. bxc3 Qg5 23. Kh1 Ng4 24. Bxg4 (24. hxg4 $4 24... Qh4+ 25. Kg1 Qh2+ 26. Kf1
Qh1#) 24... Bxg4 25. Rxe8+ (25. hxg4 $4 {Weiss kann den Laeufer nicht nehmen}
25... Qh4+ 26. Kg1 Qh2+ 27. Kf1 Qh1#) 25... Rxe8 26. Qf1 (26. hxg4 $4 {
den Laeufer zu nehmen, verliert} 26... Qh4+ 27. Kg1 Qh2+ 28. Kf1 Qh1#) 26...
Bd7 (26... Bd6 27. g3 (27. hxg4 $4 {ein boeser Fehlgriff} 27... Qh4+ 28. Kg1
Qh2#) 27... Qh5 28. Kh2 $19) 27. Nf3 (27. Na3 Rc8 28. c4 28... Qf6 $17) 27...
Qd8 28. Nbd2 (28. Na3 Qa5 29. Nb1 29... Bb5 $17) 28... Qa5 29. Nb1 Bb5 30. Kg1
30... Qa6 {Schwarz geht zum Angriff ueber} 31. Ne1 31... f5 $17 (31... Qg6 32.
g3 $19) 32. a3 $19 (32. g3 32... Be5 $17) 32... Qa4 33. Nf3 Qc2 34. Nd4 34...
Qxd3 {Es droht Matt} 35. Nd2 (35. Nxb5 $4 {Weiss muss den Laeufer stehen lassen
} 35... Bh2+ $3 {dieses energische Opfer ist entscheidend} 36. Kxh2 36... Qxf1
$19) 35... Qxd2 (35... Bxd2 $6 36. Nxb5 Qc2 37. Nc7 $17) 36. Nxb5 Re2 37. Rb1
$2 (37. Rd1 $142 37... Rxf2 $1 {Rueckgabe des Materials ist das staerkste} 38.
Rxd2 Rxf1+ 39. Kxf1 Bxd2 40. Nxa7 Bxc3 41. Nc8 $19) 37... Rxf2 $1 {
nicht am Material kleben ist die Devise} 38. Qxf2 38... Be3 $1 {
logisch und kraftvoll} 39. Qxe3 {
fuer Weiss fuehrt kein Weg daran vorbei, das Material zurueckzugeben} 39...
Qxe3+ 40. Kh1 (40. Kh2 {macht keinen grossen Unterschied} 40... f4 41. Rb3 Qg3+
42. Kh1 f3 43. gxf3 Qxh3+ 44. Kg1 Qg3+ 45. Kf1 Qxf3+ 46. Ke1 Qe3+ 47. Kd1 47...
g5 $19) 40... f4 41. Nc7 (41. Nd4 {aendert den traurigen Lauf der Dinge nicht}
41... Qxc3 42. Nf3 42... b6 $19) 41... f3 42. Rf1 (42. Nxd5 {
hilft auch nicht mehr} 42... fxg2+ 43. Kh2 Qe5+ 44. Kg1 44... Qxd5 $19) 42...
f2 43. Nxd5 (43. Kh2 {aendert nichts mehr} 43... Qe2 44. Rxf2 Qxf2 45. Nxd5
45... b5 $19) 43... Qe1 $1 {
nicht am Material kleben ist die Devise. Droht Matt: Qxf1} 44. Ne3 Qxe3 45. c4
Qe2 (45... Qe1 $1 $142 {ist der schnellste Weg} 46. Rxe1 fxe1=Q+ 47. Kh2 $19)
46. Rxf2 Qxf2 47. g4 Qg3 48. g5 Qxh3+ (48... hxg5 {
waere im Gewinnsinne praeziser} 49. c5 Qxh3+ 50. Kg1 $19) 49. Kg1 49... hxg5 {
Es droht Matt} 50. a4 50... Qg4+ $19 (50... Qf3 51. c5 g4 52. a5 g3 53. a6 Qf2+
54. Kh1 Qh2#) 51. Kh1 Qxc4 (51... Qf3+ 52. Kg1 g4 53. a5 g3 54. c5 Qf2+ 55. Kh1
Qh2#) 52. Kg2 (52. Kg1 {nuetzt auch nichts mehr} 52... Qe2 53. Kh1 g4 54. Kg1
g3 55. a5 Qf2+ 56. Kh1 Qh2#) 52... Qxa4 (52... Qe2+ 53. Kh3 a5 54. Kg3 g6 55.
Kh3 Qf2 56. Kg4 Qg2#) 53. Kf3 b5 54. Kg3 54... b4 {Mit der Mattdrohung b3} 55.
Kh3 (55. Kg4 {hilft allerdings auch nicht} 55... b3+ 56. Kf5 b2 57. Ke5 b1=Q
58. Kd6 Qg6+ 59. Kd5 Qac6+ 60. Ke5 Qge4#) 55... b3 56. Kg2 (56. Kg3 {
waere gleichermassen fruchtlos} 56... Qf4+ 57. Kg2 b2 58. Kh3 b1=Q 59. Kg2
Qbf1#) 56... b2 57. Kf3 Qf4+ (57... b1=Q 58. Ke3 Qae4+ 59. Kd2 Qbc2#) 58. Kg2 (
58. Ke2 {kann das Vorangegangene nicht ungeschehen machen} 58... a5 59. Kd3
b1=Q+ 60. Kc3 Qfb4#) 58... b1=Q 59. Kh3 Qbf1# 0-1

[Event "ICS rated blitz match"]
[Site "207.99.83.227"]
[Date "1999.04.04"]
[Round "?"]
[White "Hossa"]
[Black "toothfairy"]
[Result "1-0"]
[WhiteElo "2383"]
[BlackElo "2024"]
[PlyCount "43"]

1. e4 e5 2. Nf3 d6 3. Be2 Bg4 4. O-O Nc6 5. Nxe5 Bxe2 6. Nxc6 Bxd1 7. Nxd8 Bxc2
8. Nxb7 Kd7 9. f3 a5 10. Na3 Bd3 11. Re1 Ra7 12. Re3 Ba6 13. Nxa5 Be7 14. d4
Nf6 15. Rc3 c5 16. dxc5 dxc5 17. Be3 Rc8 18. Rac1 Rac7 19. N3c4 Ke8 20. Nb6 Rb8
21. Bf4 Rbb7 22. Bxc7 {toothfairy resigns} 1-0

[Event "ICS rated blitz match"]
[Site "207.99.83.227"]
[Date "1999.04.04"]
[Round "?"]
[White "toothfairy"]
[Black "Hossa"]
[Result "0-1"]
[WhiteElo "2014"]
[BlackElo "2393"]
[PlyCount "74"]

1. e4 d6 2. d4 Nf6 3. Nc3 g6 4. Be2 Bg7 5. Be3 Nc6 6. h3 e5 7. d5 Ne7 8. Nf3
O-O 9. Nd2 c6 10. dxc6 bxc6 11. O-O Be6 12. f3 d5 13. exd5 Nfxd5 14. Nxd5 cxd5
15. Bc5 Rc8 16. b4 a5 17. a3 Kh8 18. c3 g5 19. Rc1 Bf6 20. Nb3 axb4 21. axb4
Qe8 22. Qd2 Qc6 23. Ra1 Rg8 24. Ra6 Qe8 25. Rfa1 Nf5 26. Bd3 Ng3 27. Kf2 Nh5
28. Qc2 e4 29. fxe4 dxe4 30. Bxe4 Bxb3 31. Qxb3 Qxe4 32. Rxf6 Nxf6 33. Qxf7
Qc2+ 34. Kg1 Qxc3 35. Ra7 g4 36. hxg4 Qe1+ 37. Kh2 37... Nxg4+ {
toothfairy resigns} 0-1

[Event "ICS rated blitz match"]
[Site "207.99.83.227"]
[Date "1999.04.04"]
[Round "?"]
[White "Hossa"]
[Black "toothfairy"]
[Result "1-0"]
[WhiteElo "2396"]
[BlackElo "2011"]
[PlyCount "109"]

1. e4 e5 2. Nf3 d6 3. Be2 c6 4. d4 Qc7 5. O-O Bg4 6. Nc3 Be7 7. d5 c5 8. Nb5
Qd8 9. Nfd4 Bd7 10. Nb3 Nf6 11. Nxc5 dxc5 12. d6 Bxb5 13. Bxb5+ Nbd7 14. dxe7
Qxe7 15. Qf3 O-O 16. Bg5 Qe6 17. Rad1 a6 18. Bxd7 Nxd7 19. Qf5 Qxf5 20. exf5
Nb8 21. Be7 Rc8 22. Bxc5 Nc6 23. c3 f6 24. Bb6 Re8 25. Rd7 Rab8 26. Rfd1 h5 27.
Bc7 Rbc8 28. Bb6 Rb8 29. a4 Rf8 30. c4 Rfe8 31. R1d6 Rf8 32. Rc7 Rfc8 33. Rxc8+
Rxc8 34. Rd7 Rb8 35. f3 Kh7 36. h4 Kh6 37. a5 Kh7 38. g3 Kh6 39. Kg2 Kh7 40.
Kh2 Kg8 41. Kh3 Kh7 42. b3 Kg8 43. Kh2 Kh7 44. Kg1 Kg8 45. Kg2 Kh7 46. Kf2 Kg8
47. Ke3 Kh7 48. Ke4 Kg8 49. g4 hxg4 50. fxg4 Nb4 51. Ba7 Ra8 52. Rxb7 Na2 53.
Bb6 Nc3+ 54. Kd3 Nd1 55. Kc2 {toothfairy resigns} 1-0

[Event "ICS rated blitz match"]
[Site "207.99.83.227"]
[Date "1999.04.04"]
[Round "?"]
[White "toothfairy"]
[Black "Hossa"]
[Result "0-1"]
[WhiteElo "2002"]
[BlackElo "2405"]
[PlyCount "44"]

1. e4 d6 2. d4 Nf6 3. Nc3 g6 4. Be2 Bg7 5. h3 Nc6 6. Nf3 e5 7. d5 Ne7 8. O-O
O-O 9. Be3 c6 10. dxc6 bxc6 11. Nd2 Be6 12. b3 Qa5 13. Na4 Rab8 14. c4 Nc8 15.
f3 Nb6 16. Nxb6 axb6 17. a3 Qc3 18. Bf2 Bh6 19. Ra2 Be3 20. Rc2 Bxf2+ 21. Rxf2
Qe3 22. Nf1 22... Qxb3 {toothfairy resigns} 0-1

[Event "ICS rated blitz match"]
[Site "207.99.83.227"]
[Date "1999.04.04"]
[Round "?"]
[White "Hossa"]
[Black "TDChess"]
[Result "0-1"]
[WhiteElo "2408"]
[BlackElo "2565"]
[Annotator "Fritz 5.32 (15s)"]
[PlyCount "126"]

1. e4 e6 2. d4 d5 3. e5 c5 4. Nf3 Bd7 5. Be2 $146 (5. dxc5 Bxc5 6. Bd3 Nc6 7.
O-O Qc7 8. Bf4 Nge7 9. Bg3 Ng6 10. Re1 Rc8 11. h4 Nb4 12. Bf1 Ba4 13. b3 Bd7
14. c3 Nc6 15. Nbd2 Nge7 16. Bd3 h6 17. b4 Bb6 18. Rc1 Qb8 19. Nb3 a6 20. Qd2
Na7 21. Qf4 Bb5 22. Bb1 Nac6 23. Nbd2 Rc7 24. c4 Bxc4 25. Nxc4 dxc4 26. Rxc4
Rd7 27. Qg4 Qd8 28. Rcc1 Nd4 29. Nxd4 Rxd4 30. Qf3 Rxb4 31. Red1 Qb8 32. Be4
Bc7 33. Rb1 Rxb1 34. Rxb1 b6 35. Bc6+ Nxc6 36. Qxc6+ Kf8 37. Rc1 Bd8 38. Qd7 {
1-0 Weber-Tollis/Biel op2 1993 (38)}) (5. Bd3 h5 6. O-O Nh6 7. c3 Qb6 8. dxc5
Bxc5 9. Qe2 a6 10. Nbd2 Be7 11. Nb3 Bb5 12. Bxb5+ Qxb5 13. Qxb5+ axb5 14. a3
Nf5 15. Re1 Nc6 16. Be3 Rg8 17. Bc5 Bxc5 18. Nxc5 b6 19. Nd3 19... g5 {
Seul,G-Vogler,T/2.BLW9697 Godesberg-Schott Mainz 1996/0-1 (46)}) (5. Ng5 Nc6 6.
Bd3 h6 7. Qh5 hxg5 8. Qxh8 Nh6 9. b3 Nxd4 10. Be3 Qe7 11. Nc3 f5 12. exf6 Qxf6
13. O-O-O {1-0 Farr,D-Yetter,J/IECG, Cat-E (m/3274/02) 1995 (13)}) 5... cxd4 6.
Nxd4 Qc7 7. Bf4 f6 8. Bb5 Kd8 9. Bxd7 Kxd7 10. Qg4 Qb6 11. c3 fxe5 12. Bxe5 Nh6
13. Qe2 Nf7 14. a4 Nxe5 15. Qxe5 Qd6 16. Qxd6+ Bxd6 17. O-O Nc6 18. Re1 Nxd4
19. cxd4 Rhc8 20. Nc3 Rc4 21. Red1 Bb4 22. Nb5 22... Rc2 $15 (22... a6 23. Na3
Bxa3 24. Rxa3 $17) 23. Rac1 $17 (23. Rdc1 Rac8 24. Rxc2 Rxc2 25. Nxa7 25... e5
$15) 23... Rac8 24. Rxc2 Rxc2 25. Nxa7 Rxb2 26. Nb5 (26. Kf1 26... Ra2 $17)
26... Ra2 27. Rc1 Ba5 28. h4 Rxa4 29. Rb1 29... Rc4 $17 (29... Bd2 30. Rb2 Ra1+
31. Kh2 $19) 30. Na3 $19 (30. Kf1 Bb4 31. Ke2 Kc6 32. Na7+ Kb6 33. Nc8+ Ka5 (
33... Rxc8 $6 34. Rxb4+ Kc6 35. Rb3 $17) 34. Ra1+ 34... Kb5 $19) 30... Rb4 31.
Rxb4 Bxb4 32. Nc2 Be7 33. g3 33... b5 $17 (33... Kc6 34. Kf1 $19) 34. f4 $2 $19
(34. Kf1 $5 $17 $142) 34... b4 35. Na1 Kc6 36. Nb3 Kb5 37. Kf2 (37. Nd2 37...
Bf6 $19) 37... Kc4 38. Nd2+ Kxd4 39. Ke2 Kc3 40. Kd1 b3 41. Nf3 (41. h5 {
aendert nichts am Ausgang der Partie} 41... Bc5 42. Ke2 Kc2 43. Nxb3 43... Kxb3
$19) 41... Bc5 42. Kc1 Bf2 (42... Be3+ {laesst dem Gegner kaum Chancen} 43. Kb1
d4 44. Nh2 $19) 43. Ng5 (43. Kb1 {
kann das Vorangegangene nicht ungeschehen machen} 43... h6 44. g4 44... d4 $19)
43... Bxg3 (43... e5 {und Schwarz haette es noch leichter} 44. Ne6 e4 45. Nc7
$19) 44. Nxe6 d4 45. Nc5 Bxf4+ 46. Kb1 h5 47. Na4+ 47... Kb4 {Droht Matt} 48.
Nb2 Bg3 49. Nd3+ Ka3 50. Nb2 (50. Nc1 {
aendert den traurigen Lauf der Dinge nicht} 50... Bxh4 51. Nd3 51... g5 $19)
50... Bxh4 (50... g5 $5 $142 {erleichterte Schwarz die Gewinnfuehrung} 51. Nc4+
Kb4 52. Nd2 gxh4 53. Ne4 $19) 51. Nc4+ Kb4 52. Nb6 (52. Nb2 {
waere gleichermassen fruchtlos} 52... Be1 $19) 52... Bd8 53. Nd5+ Kc4 54. Nf4
h4 55. Nh3 55... d3 {Schwarz droht stark Bb6} 56. Nf2 56... h3 {
Mit der Mattdrohung d2} 57. Nxh3 Bb6 58. Kc1 (58. Nf2 {
holt die Kuh nicht vom Eis} 58... Bxf2 59. Kc1 Be3+ 60. Kb1 Kc3 61. Ka1 d2 62.
Kb1 d1=Q#) 58... Be3+ 59. Kb2 d2 60. Nf2 Bxf2 61. Ka3 d1=Q 62. Kb2 Qc2+ 63. Ka3
Qa2# 0-1

[Event "ICS rated blitz match"]
[Site "207.99.83.227"]
[Date "1999.04.04"]
[Round "?"]
[White "Hossa"]
[Black "j724"]
[Result "1-0"]
[WhiteElo "2399"]
[BlackElo "2236"]
[PlyCount "35"]

1. e4 d6 2. d4 Nf6 3. Bd3 g6 4. Ne2 Bg7 5. O-O O-O 6. Nbc3 c5 7. dxc5 dxc5 8.
e5 Nd5 9. f4 Nc6 10. Nxd5 Qxd5 11. Be3 b6 12. Nc3 Qd8 13. Qf3 Bb7 14. Rad1 Qc8
15. Nd5 e6 16. Nf6+ Kh8 17. Be4 Qc7 18. Rd7 {j724 resigns} 1-0

[Event "ICS rated blitz match"]
[Site "207.99.83.227"]
[Date "1999.04.04"]
[Round "?"]
[White "MITOCAYO"]
[Black "Hossa"]
[Result "1-0"]
[WhiteElo "2197"]
[BlackElo "2408"]
[Annotator "Crafty v16.6"]
[PlyCount "72"]

{annotating for player Hossa using a scoring margin of +0.10 pawns. search
time limit is 20.00} 1. e4 1... d6 2. d4 Nf6 3. Nc3 g6 ({8:-0.66} 3... g6 4.
Be2 d5 5. e5 Ne4 6. Nxe4 dxe4 7. Bg5 7... Bf5 $14) ({8:-0.36} 3... Nc6 4. Bb5
Bd7 5. Nf3 a6 6. Bc4 Na5 7. Bd3 $14) 4. Nf3 Bg7 5. h3 Bd7 ({8:-0.48} 5... Bd7
6. e5 Ng8 7. Bc4 Nc6 8. exd6 cxd6 9. O-O 9... Nf6 $14) ({8:-0.20} 5... O-O 6.
Bg5 Nbd7 7. Be2 c5 8. O-O cxd4 9. Qxd4 9... Nc5 $10) 6. e5 dxe5 7. dxe5 Ng8 8.
Bc4 Nc6 ({8:-0.94} 8... Nc6 9. Bf4 Bf5 10. Qxd8+ Rxd8 11. Nd5 Bxc2 12. Nxc7+
12... Kf8 $16) ({8:-0.81} 8... Nh6 9. Bf4 O-O 10. Qe2 Be8 11. e6 a5 12. exf7+
Bxf7 13. Bxf7+ Nxf7 14. Qc4 $16) 9. Bf4 Nb4 ({8:-1.65} 9... Nb4 10. Qe2 Nh6 11.
O-O-O O-O 12. Qd2 Be6 13. Bxe6 Qxd2+ 14. Rxd2 14... fxe6 $18) ({8:-1.10} 9...
e6 10. Qd3 Qe7 11. Bg5 Nb4 12. Qe4 f6 13. Qxb7 13... Nxc2+ $16) 10. O-O Bf5 11.
Bb3 Qxd1 12. Raxd1 Rc8 ({9:-2.06} 12... Rc8 13. a3 Bxc2 14. Bxc2 Nxc2 15. Rd2
g5 16. Nxg5 h6 17. Nge4 $18) ({9:-1.25} 12... Bxc2 13. Bxc2 Nxc2 14. Nb5 Rc8
15. Nxa7 Ra8 16. Nb5 Kf8 17. Rd2 $16) 13. Nd4 Bd7 14. e6 fxe6 15. Nxe6 Bxe6 16.
Bxe6 Ra8 ({9:-3.04} 16... Ra8 17. Nb5 Na6 18. Nxc7+ Nxc7 19. Bxc7 Bxb2 20. Rb1
Bd4 21. Rxb7 21... Nf6 $18) ({9:-2.92} 16... Rd8 17. Rxd8+ Kxd8 18. Rd1+ Ke8
19. Nb5 Nc6 20. Nxc7+ Kf8 21. Rd5 Nf6 22. Rb5 Nd8 23. Bc8 $18) 17. Nb5 Na6 18.
Nxc7+ Nxc7 19. Bxc7 Bxb2 20. Rb1 Bc3 21. Rxb7 Nf6 ({9:-3.68} 21... Nf6 22. Rd1
Kf8 23. Bb8 a5 24. Rd8+ Ne8 25. Rbd7 Ra6 26. Bd5 $18) ({9:-3.34} 21... Nh6 22.
Rfb1 Kf8 23. Bb8 a5 24. Bf4 Nf5 25. Rc7 25... Bd4 $18) 22. Rd1 Kf8 23. Rd3 Ba1
24. c3 a5 25. Be5 a4 26. Rd1 Bxc3 27. Bxc3 g5 ({9:-8.42} 27... g5 28. Re1 Re8
29. Bc4 Rc8 30. Bxf6 Rxc4 31. Bxh8 31... Kg8 $18) ({9:-5.81} 27... Re8 $18) 28.
Re1 Re8 ({9:-9.44} 28... Re8 29. Bc4 Kg7 30. Rbxe7+ Kh6 31. Bxf6 Rxe7 32. Rxe7
Rd8 33. Rxh7+ Kxh7 34. Bxd8 $18) ({9:-9.13} 28... h6 29. Bxf6 Rh7 30. Bf5 Rf7
31. Bxe7+ Kg7 32. Be6 Re8 33. Bf6+ Kxf6 34. Rxf7+ $18) 29. Bc4 Kg7 30. Rbxe7+
Kh6 31. Bxf6 Rxe7 32. Rxe7 Rd8 33. Rxh7+ Kxh7 34. Bxd8 Kg6 35. f3 Kh6 36. Kf2
Kg6 1-0

[Event "ICS rated blitz match"]
[Site "207.99.83.227"]
[Date "1999.04.04"]
[Round "?"]
[White "Hossa"]
[Black "MNAGROCKI"]
[Result "1-0"]
[WhiteElo "2383"]
[BlackElo "2031"]
[PlyCount "81"]

1. e4 e6 2. Nf3 g6 3. Bb5 Bg7 4. d4 Ne7 5. O-O O-O 6. Bf4 d6 7. Nc3 c6 8. Bc4
d5 9. Bxb8 Rxb8 10. Bb3 Bd7 11. Qd2 f6 12. Rae1 Qe8 13. e5 f5 14. Qf4 h6 15. h4
Kh7 16. Na4 b6 17. Nc3 a5 18. Kh1 b5 19. a4 b4 20. Ne2 Rc8 21. Nc1 c5 22. dxc5
Rxc5 23. Qd4 Qc8 24. Nd3 Rc7 25. Qb6 Nc6 26. Nf4 Rf7 27. Re2 Be8 28. Rd2 Rb7
29. Qe3 Qd7 30. Bxd5 exd5 31. e6 Qe7 32. Nxd5 Qf8 33. exf7 Bxf7 34. Qb3 Rd7 35.
Nf6+ Bxf6 36. Rxd7 Kg8 37. Qe3 Bxb2 38. Rfd1 Bc3 39. Qb6 Qc8 40. Rd8+ Nxd8 41.
Rxd8+ {MNAGROCKI resigns} 1-0

[Event "ICS rated blitz match"]
[Site "207.99.83.227"]
[Date "1999.04.04"]
[Round "?"]
[White "MNAGROCKI"]
[Black "Hossa"]
[Result "0-1"]
[WhiteElo "2027"]
[BlackElo "2387"]
[PlyCount "108"]

1. d4 Nf6 2. c4 g6 3. Nc3 Bg7 4. Nf3 O-O 5. e4 c5 6. d5 d6 7. Bd3 Bg4 8. O-O
Bxf3 9. Qxf3 Na6 10. a3 Nd7 11. Qe2 Nc7 12. Bd2 Qe8 13. f4 Bd4+ 14. Kh1 Nf6 15.
f5 Bxc3 16. Bxc3 g5 17. h4 h6 18. Rf3 Nd7 19. Rg3 f6 20. hxg5 hxg5 21. Rh3 Ne5
22. Rh6 Kg7 23. Bxe5 Kxh6 24. Bh2 Kg7 25. Kg1 Kg8 26. Kf2 Rb8 27. Bg3 b5 28. b3
bxc4 29. Bxc4 Nb5 30. a4 Nd4 31. Qd3 Rb4 32. Rh1 Qb8 33. Rh6 Nxb3 34. Qf3 Rxc4
35. Qh5 Rc2+ 36. Kg1 Rc1+ 37. Kh2 Rh1+ 38. Kxh1 Qe8 39. Rg6+ Qxg6 40. Qxg6+ Kh8
41. Qh6+ Kg8 42. Qg6+ Kh8 43. Bf2 Nc1 44. Kh2 Nd3 45. Be3 Ne5 46. Qh5+ Kg7 47.
Qe2 Rb8 48. Qa6 Ng4+ 49. Kg3 Nxe3 50. Qxa7 Re8 51. Qd7 Kf7 52. a5 Rb8 53. a6
Rb3 54. Kh2 54... Ng4+ {MNAGROCKI resigns} 0-1

[Event "ICS rated blitz match"]
[Site "207.99.83.227"]
[Date "1999.04.04"]
[Round "?"]
[White "Hossa"]
[Black "MNAGROCKI"]
[Result "1-0"]
[WhiteElo "2391"]
[BlackElo "2023"]
[PlyCount "63"]

1. e4 e6 2. Nf3 g6 3. Bb5 Bg7 4. d4 Ne7 5. O-O c6 6. Bd3 d5 7. e5 O-O 8. Bg5 h6
9. Bf6 Nd7 10. Bxg7 Kxg7 11. h4 f5 12. exf6+ Rxf6 13. Qe2 Nf5 14. g4 Ne7 15. g5
hxg5 16. Nxg5 Nf8 17. Qe5 Nf5 18. Bxf5 gxf5 19. Nd2 Ng6 20. Qg3 Qh8 21. Ndf3 f4
22. Qh2 Bd7 23. h5 Ne7 24. Ne5 Rd8 25. Rae1 Nf5 26. Qg2 Kf8 27. Ngf7 Rxf7 28.
Ng6+ Ke8 29. Nxh8 Rg7 30. Ng6 Kf7 31. Qg5 Rh8 32. Nxh8+ {MNAGROCKI resigns} 1-0